[Event "Graticolato op-B U1700 8th"]
[Site "Santa Maria di Sala"]
[Date "2000.11.25"]
[Round "4.2"]
[White "Menegollo, Carlo"]
[Black "Battiston, Alan Doris"]
[Result "0-1"]
[WhiteElo "1500"]
[BlackElo "1626"]
[PlyCount "80"]
[EventDate "2000.11.18"]
[EventType "swiss"]
[EventRounds "6"]
[EventCountry "ITA"]
[SourceTitle "EXT 2023"]
[Source "ChessBase"]
[SourceDate "2022.10.05"]
[SourceVersion "1"]
[SourceVersionDate "2022.10.05"]
[SourceQuality "1"]

1. e4 d5 2. exd5 Qxd5 3. Nc3 Qa5 4. Nf3 Bf5 5. d3 e6 6. Bd2 c6 7. a3 Nd7 8. Be2 Qc7 9. Nh4 Bg6 10. Nxg6 hxg6 11. Be3 Rxh2 12. Rxh2 Qxh2 13. g3 Ngf6 14. Kd2 Bc5 15. Qh1 Bxe3+ 16. fxe3 Qxh1 17. Rxh1 Ke7 18. g4 g5 19. b4 Ne5 20. Rg1 Rh8 21. d4 Ned7 22. Kd3 Rh3 23. Nd1 e5 24. c3 Ke6 25. c4 exd4 26. Kxd4 Ne5 27. c5 Nd5 28. Rf1 f6 29. Bc4 Nxc4 30. Kxc4 Nxe3+ 31. Nxe3 Rxe3 32. Rd1 Re4+ 33. Rd4 Rxd4+ 34. Kxd4 f5 35. gxf5+ Kxf5 36. Ke3 Kg4 37. Kf2 Kh3 38. Kg1 Kg3 39. a4 a6 40. Kf1 Kh2 0-1

[Event "Graticolato op-B U1700 8th"]
[Site "Santa Maria di Sala"]
[Date "2000.11.18"]
[Round "1.2"]
[White "Battiston, Alan Doris"]
[Black "Chinellato, Marco"]
[Result "1-0"]
[WhiteElo "1626"]
[BlackElo "1533"]
[PlyCount "58"]
[EventDate "2000.11.18"]
[EventType "swiss"]
[EventRounds "6"]
[EventCountry "ITA"]
[SourceTitle "EXT 2023"]
[Source "ChessBase"]
[SourceDate "2022.10.05"]
[SourceVersion "1"]
[SourceVersionDate "2022.10.05"]
[SourceQuality "1"]

1. f4 d5 2. Nf3 Bg4 3. e3 Nf6 4. b3 Nbd7 5. Bb2 c6 6. Be2 Bxf3 7. Bxf3 Qc7 8. 0-0 e5 9. fxe5 Nxe5 10. Nc3 Bd6 11. h3 0-0-0 12. d4 Ng6 13. e4 dxe4 14. Nxe4 Bh2+ 15. Kh1 Ne5 16. Nxf6 gxf6 17. Bg4+ Kb8 18. Qe2 Nxg4 19. Qxg4 Rhg8 20. Qh4 Rg3 21. Rxf6 Rdg8 22. Rf2 f5 23. d5 cxd5 24. Qd4 Re8 25. Qxd5 Rge3 26. Raf1 Qg3 27. Qxf5 Qd6 28. Qa5 Bg3 29. Rd1 Re1+ 1-0

[Event "Padova op-A 1st"]
[Site "Padova"]
[Date "1998.12.20"]
[Round "5.26"]
[White "Frugoni, Giulio"]
[Black "Battiston, Alan Doris"]
[Result "0-1"]
[WhiteElo "1522"]
[BlackElo "1800"]
[PlyCount "72"]
[EventDate "1998.12.12"]
[EventType "swiss"]
[EventRounds "6"]
[EventCountry "ITA"]
[SourceTitle "EXT 2023"]
[Source "ChessBase"]
[SourceDate "2022.10.05"]
[SourceVersion "1"]
[SourceVersionDate "2022.10.05"]
[SourceQuality "1"]

1. Nf3 d5 2. d4 Nf6 3. c4 e6 4. Nc3 c6 5. e3 Bd6 6. Qc2 0-0 7. Bd3 dxc4 8. Bxc4 b5 9. Bd3 Nbd7 10. 0-0 Bb7 11. Re1 a6 12. e4 e5 13. dxe5 Nxe5 14. Nxe5 Bxe5 15. h4 h6 16. Be3 Qc7 17. Rac1 c5 18. Nd5 Bxd5 19. exd5 c4 20. Qd2 Qb8 21. Bxh6 gxh6 22. Qxh6 Bh2+ 23. Kh1 Qf4 24. Bh7+ Nxh7 25. Qh5 Nf6 26. Qd1 Rad8 27. Re3 Rxd5 28. Qc2 Rfd8 29. g3 Qf5 30. Kxh2 Qxc2 31. Rxc2 Rd2 32. Rxd2 Rxd2 33. Rf3 Ne4 34. Kg2 Rxb2 35. Rf4 Nxf2 36. Rxf2 c3 0-1